Reforma del Estado y privatizaciones (Registro nro. 2648)

Detalles MARC
000 -LEADER
fixed length control field 03457 a2200277 4500
001 - CONTROL NUMBER
control field 36419
005 - DATE AND TIME OF LATEST TRANSACTION
control field 20260407155639.0
008 - FIXED-LENGTH DATA ELEMENTS--GENERAL INFORMATION
fixed length control field 260407a1991 arg spa d
003 - CONTROL NUMBER IDENTIFIER
control field AR-UNSa-BCEJYS
040 ## - CATALOGING SOURCE
Original cataloging agency AR-UNSa-BCEJYS
Language of cataloging spa
Transcribing agency AR-UNSa-BCEJYS
080 ## - UNIVERSAL DECIMAL CLASSIFICATION NUMBER
Universal Decimal Classification number 338.246
Common auxiliary subdivision Medidas económicas. Instrumentos de la política económica (Privatización))
020 ## - INTERNATIONAL STANDARD BOOK NUMBER
International Standard Book Number 950-508-342-4
041 ## - LANGUAGE CODE
Language code of text/sound track or separate title spa
100 1# - MAIN ENTRY--PERSONAL NAME
Personal name Dromi, José Roberto
245 10 - TITLE STATEMENT
Title Reforma del Estado y privatizaciones
264 #1 - PRODUCTION, PUBLICATION, DISTRIBUTION, MANUFACTURE, AND COPYRIGHT NOTICE
Place of production, publication, distribution, manufacture Buenos Aires :
Name of producer, publisher, distributor, manufacturer Astrea
Date of production, publication, distribution, manufacture, or copyright notice 1991
300 ## - PHYSICAL DESCRIPTION
Extent 3 v.
Dimensions 23 cm.
505 ## - FORMATTED CONTENTS NOTE
Formatted contents note Vol. I: Primera Parte: Regimen Juridico de la Reforma del Estado y las Privatizaciones - 1. Organización del Estado. -- 2.Intervención Económica.-- 3. Libertad Económica -- 4. Razones para la reforma --5.Reforma Administrativa --6.Reforma en la Historia Reciente -- 7. Reforma y Transformación -- 8. Motivos de la nueva Legislación -- 9. La Reforma del Estado en el Nuevo Derecho. -- 10. Reforma y Emergencia Juridica -- 11. Reforma posible -- 12. Estarategia para la Reforma -- 13. Instrumento -- 14. Procedimiento -- 15. Reforma y Racionalización -- 16. Reforma y Nación -- 17. Reforma, Provincia i Municipio -- 18. Reforma y cooperativas -- 19. Reforma y Sindicatos -- 20. Constitucionalidad de la Reforma.-- Segunda Parte: Leyes -- Tercera Parte: Decretos de Reestructuración y Racionalización -- Cuarta Parte: Decretos Planes y Resoluciones Complementarias Relativos al Regimen de Privatización. -- Quinta Parte: Resoluciones. -- Sexta Parte: La Reforma y la Jurisprudencia -- Vol. II: Parte Séptima: Régimen Jurídico del Pliego - 1. Concepto - 2. Contenido- 3. Clases - 4. Forma Jurídica - 5. Clausulas obligatorias y clausulas prohibidas - 6. Estabilidad y modificación - 7. Vicios - 8. El Pliego es la ley del contrato y la fuente de interpretacion - 9. Hacia una teoría general de los pliegos de condiciones -- Parte Octava: Ferrocarriles Argentinos -- Parte Novena: Empresa Nacional de Telecomunicaciones (ENTEL) -- Parte Décima: Dirección Nacional de Vialidad -- Parte Undécima: Yacimientos Petrolíferos Fiscales -- Parte Duodécima: Aerolíneas Argentinas Sociedad del Estado. Su participación accionaria en Buenos Aires Catering Sociedad Anónima y en la empresa operadora mayorista de servicios turísticos Sociedad del Estado (OPTAR) -- Parte Decimotercera: Energía Electrica. Centrales Termicas -- Parte Decimocuarta: Radiodifusión y televisión -- Parte Decimoquinta: Defensa -- Vol. III: Primera Parte: Regimen Juridico de los Contratos Administrativos -1. Concepto -2. Elementos -3. Caracteres -4. Formación -5. Ejecución -6. Conclusión -7. Clases --. Decimoséptima Parte: Ferrocarriles Argentinos --. Decimoctava Parte: Empresa Nacional de Telecomunicaciones --. Decimonovena Parte: Dirección Nacional de Vialidad --. Vigecima Parte: Yacimientos Petroliferos Fizcales --. Vigecimoprimera Parte: Aerolineas Argentinas --.Vigecimosegunda Parte: Energia Electrica --. Vigecimotercera Parte: Televsión y Radiodifusión --. Vigecimocuarta:Defensa --. Vigecimoquinta: Ente Tripartito Corporación Antiguo Puerto Madero S.A
590 ## - LOCAL NOTE (RLIN)
Local note niveau_biblio:m niveau_hierar:0
700 1# - ADDED ENTRY--PERSONAL NAME
Personal name Barra, Rodolfo Carlos
700 1# - ADDED ENTRY--PERSONAL NAME
Personal name Cassagne, Juan Carlos
700 1# - ADDED ENTRY--PERSONAL NAME
Personal name Creo Bay, Horacio D.
700 1# - ADDED ENTRY--PERSONAL NAME
Personal name Mairal, Héctor A.
856 41 - ELECTRONIC LOCATION AND ACCESS
Uniform Resource Identifier <a href="https://biblioeco.unsa.edu.ar/pmb/images/libros/L125318.jpg">https://biblioeco.unsa.edu.ar/pmb/images/libros/L125318.jpg</a>
Link text Imagen de portada
Electronic format type image/jpeg
942 ## - ADDED ENTRY ELEMENTS (KOHA)
Koha item type
Existencias
Withdrawn status Lost status Damaged status Not for loan Home library Current library Shelving location Date acquired Total checkouts Full call number Barcode Date last seen Price effective from Koha item type
        Biblioteca Prof. Eusebio Cleto del Rey Biblioteca Prof. Eusebio Cleto del Rey   07/04/2026   338.246 D786 v.1 L58766 07/04/2026 07/04/2026 Libro
        Biblioteca Prof. Eusebio Cleto del Rey Biblioteca Prof. Eusebio Cleto del Rey   07/04/2026   338.246 D786 v.2 L58767 07/04/2026 07/04/2026 Libro
        Biblioteca Prof. Eusebio Cleto del Rey Biblioteca Prof. Eusebio Cleto del Rey   07/04/2026   338.246 D786 v.3 L58768 07/04/2026 07/04/2026 Libro
        Biblioteca Prof. Eusebio Cleto del Rey Biblioteca Prof. Eusebio Cleto del Rey   07/04/2026   338.246 D786 v.3 L125318 07/04/2026 07/04/2026 Libro